Cough Syrup - Young the Giant Lyrics - Statistics

General Stats
  • This quiz has been taken 4 times
  • The average score is 223 of 286
Answer Stats
Lyric % Correct
a
100%
all
100%
at
100%
care
100%
come
100%
cough
100%
down
100%
even
100%
life
100%
Life's
100%
life's
100%
oh
100%
short
100%
syrup
100%
that
100%
to
100%
too
100%
waiting
100%
whoa
100%
aches
67%
away
67%
be
67%
beat
67%
blue
67%
by
67%
control
67%
could
67%
dark
67%
drum
67%
find
67%
fishes
67%
for
67%
fortune
67%
found
67%
have
67%
heart
67%
I
67%
i'd
67%
I'd
67%
if
67%
i'm
67%
I'm
67%
in
67%
it
67%
looking
67%
losing
67%
me
67%
mind
67%
my
67%
now
67%
of
67%
out
67%
park
67%
restore
67%
run
67%
sea
67%
see
67%
should
67%
so
67%
some
67%
splash
67%
staring
67%
straight
67%
sun
67%
the
67%
these
67%
they
67%
they're
67%
this
67%
up
67%
way
67%
world
67%
and
33%
coming
33%
more
33%
one
33%
say
33%
spoon
33%
things
33%
wet
33%
zombies
33%
No matching quizzes found
Score Distribution
Percent of People with Each Score
Percentile by Number Answered
Your Score History
You have not taken this quiz